<?xml version="1.0" encoding="UTF-8"?>
<record
    xmlns:xsi="http://www.w3.org/2001/XMLSchema-instance"
    xsi:schemaLocation="http://www.loc.gov/MARC21/slim http://www.loc.gov/standards/marcxml/schema/MARC21slim.xsd"
    xmlns="http://www.loc.gov/MARC21/slim">

  <leader>01553nam a22002297a 4500</leader>
  <controlfield tag="005">20250422091642.0</controlfield>
  <controlfield tag="008">250416b        |||||||| |||| 00| 0 eng d</controlfield>
  <datafield tag="020" ind1=" " ind2=" ">
    <subfield code="a">9789390113828</subfield>
  </datafield>
  <datafield tag="040" ind1=" " ind2=" ">
    <subfield code="c">AIMIT LIBRARY</subfield>
  </datafield>
  <datafield tag="082" ind1=" " ind2=" ">
    <subfield code="2">2</subfield>
    <subfield code="a">330</subfield>
    <subfield code="b">KARD</subfield>
  </datafield>
  <datafield tag="100" ind1=" " ind2=" ">
    <subfield code="a">Karlan, Dean.</subfield>
    <subfield code="9">208462</subfield>
  </datafield>
  <datafield tag="245" ind1=" " ind2=" ">
    <subfield code="a">Economics /</subfield>
    <subfield code="c">By Dean Karlan and Jonathan Morduch.</subfield>
  </datafield>
  <datafield tag="250" ind1=" " ind2=" ">
    <subfield code="a">2nd ed.</subfield>
  </datafield>
  <datafield tag="260" ind1=" " ind2=" ">
    <subfield code="a">Chennai :</subfield>
    <subfield code="b">Mc Graw Hil education ,</subfield>
    <subfield code="c">2020.</subfield>
  </datafield>
  <datafield tag="300" ind1=" " ind2=" ">
    <subfield code="a">xxxv,891 p.;</subfield>
    <subfield code="b">PB</subfield>
    <subfield code="c">27.5 cm.</subfield>
  </datafield>
  <datafield tag="500" ind1=" " ind2=" ">
    <subfield code="a">We are new to the on-line trade but with solid experience of two decades, we carry large stocks of books on various subjects in our show room. The subjects we carry in stock are - Academic, Ancient &amp; Classical Art, Archaeology, Architecture, Art History, Astrology, Auto- biographies, Books from India, Biology, Biographies, Computer Science, Dictionaries, Decorative Art, Design, Economics, Ethnic Arts &amp; Crafts, Fashion &amp; Jewellery, Gardens &amp; Landscape Design, Geography, Graphics, History, Homeopathy, Karma, Language, Law, Linguistics, Medicine, Modern &amp; Contemporary Art, Music &amp; Performing Art, Mythology &amp; Religion, Numismatics, Philately, Pleasure, Political Science, Photography, Research, Science &amp; Environment, Scientific, Style &amp; Interiors, Technical, Terrorism, Textiles &amp; Carpets, Travel &amp; Topography, Western Art, Wildlife, Yoga.
</subfield>
  </datafield>
  <datafield tag="650" ind1=" " ind2=" ">
    <subfield code="a">Specialization and exchange</subfield>
    <subfield code="9">208463</subfield>
  </datafield>
  <datafield tag="650" ind1=" " ind2=" ">
    <subfield code="a">Perfect competition</subfield>
    <subfield code="9">208464</subfield>
  </datafield>
  <datafield tag="650" ind1=" " ind2=" ">
    <subfield code="a">Taxation and the public budget</subfield>
    <subfield code="9">208465</subfield>
  </datafield>
  <datafield tag="700" ind1=" " ind2=" ">
    <subfield code="a">Morduch, Jonathan.</subfield>
    <subfield code="9">208466</subfield>
  </datafield>
  <datafield tag="942" ind1=" " ind2=" ">
    <subfield code="2">ddc</subfield>
    <subfield code="c">BK</subfield>
    <subfield code="e">2nd</subfield>
    <subfield code="k">330 KARD</subfield>
  </datafield>
  <datafield tag="999" ind1=" " ind2=" ">
    <subfield code="c">234167</subfield>
    <subfield code="d">234167</subfield>
  </datafield>
  <datafield tag="952" ind1=" " ind2=" ">
    <subfield code="0">0</subfield>
    <subfield code="1">0</subfield>
    <subfield code="2">ddc</subfield>
    <subfield code="4">0</subfield>
    <subfield code="7">0</subfield>
    <subfield code="8">MBA</subfield>
    <subfield code="a">AIMIT</subfield>
    <subfield code="b">AIMIT</subfield>
    <subfield code="c">ECO</subfield>
    <subfield code="d">2025-03-11</subfield>
    <subfield code="e">Biblios Book Point</subfield>
    <subfield code="g">1230.00</subfield>
    <subfield code="i">Bill no:7466; Bill dt:2025-03-11</subfield>
    <subfield code="l">0</subfield>
    <subfield code="o">330 KARD</subfield>
    <subfield code="p">MBA14848</subfield>
    <subfield code="r">2026-05-23 00:00:00</subfield>
    <subfield code="v">959.40</subfield>
    <subfield code="w">2025-04-16</subfield>
    <subfield code="y">BK</subfield>
  </datafield>
  <datafield tag="952" ind1=" " ind2=" ">
    <subfield code="0">0</subfield>
    <subfield code="1">0</subfield>
    <subfield code="2">ddc</subfield>
    <subfield code="4">0</subfield>
    <subfield code="7">0</subfield>
    <subfield code="8">MBA</subfield>
    <subfield code="a">AIMIT</subfield>
    <subfield code="b">AIMIT</subfield>
    <subfield code="c">ECO</subfield>
    <subfield code="d">2025-03-11</subfield>
    <subfield code="e">Biblios Book Point</subfield>
    <subfield code="g">1230.00</subfield>
    <subfield code="i">Bill no:7466; Bill dt:2025-03-11</subfield>
    <subfield code="l">0</subfield>
    <subfield code="o">330 KARD</subfield>
    <subfield code="p">MBA14849</subfield>
    <subfield code="r">2026-05-23 00:00:00</subfield>
    <subfield code="v">959.40</subfield>
    <subfield code="w">2025-04-16</subfield>
    <subfield code="y">BK</subfield>
  </datafield>
</record>
